[Event "Tata Steel Chess Masters 2022"]
[Site "Wijk aan Zee"]
[Date "2022.01.17"]
[Round "3"]
[White "Dubov, Daniil"]
[Black "Vidit, Santosh Gujrathi"]
[Result "0-1"]
[WhiteElo "2720"]
[BlackElo "2727"]
[EventDate "2022.??.??"]
[Annotator "Bojkov,Dejan"]
[PlyCount "74"]
[Beauty "7839389059153"]
[EventType "team-tourn"]
[EventCountry "NED"]

1.e4 e5 2.Nf3 Nc6 3.Bc4 Nf6 4.d3 {A Giuoco Pianissimo by Dubov? There is something wrong here, the Russian GM usually sacrifices a pawn around here...} 4...Bc5 5.c3 d6 6.Bg5 h6 7.Bh4 a5 8.Na3 $146 {Ah, that is a juicy novelty! Dubov surprises Vidit on his own territory.} ( {An earlier game of the Indian GM went} 8.Nbd2 Ba7 9.O-O g5 10.Bg3 O-O 11.a3 Nh7 12.Kh1 Kh8 13.b4 h5 14.b5 Ne7 15.Bxe5+ dxe5 16.Nxe5 Kg7 17.f4 g4 18.d4 {a true delight for the eye, Adhiban,B (2672)-Vidit,S (2727) Kolkata 2021} ) 8...Bxa3 {Vidit accepts the challenge and ruins the opponent's pawn structure.} 9.bxa3 Qe7 {In the spirit of the Four Knights defence. There are also doubled pawns there. True, on the c-file, but still, a blockade on the dark squares makes perfect sense.} 10.O-O Nb8 {The logical follow up.} 11.d4 {Dubov searches for a class. He's got the development, the bishops, the mood.} 11...Nbd7 12.Rb1 $1 {The rook is getting ready to torture the opponent, even if he stays in the center.} 12...g5 13.Bg3 Nxe4 {A most principled move!} 14.Qc2 f5 $1 {The exclamation mark is for the courage. One needs a lot of conviction to play like this.} ( {The alternative was} 14...Nxg3 {when} 15.fxg3 $1 {deprives Black of a short castle. How safe the black king is in the center is hard to say, but the impression is that there should be a strong storm gathering around it. True, in the line} 15...Nb6 {White cannot win on the spot with} ( {On the other hand} 15...f6 16.Qg6+ Kd8 {promises White a good choice between a knight transfer to e4, or the instant brick-walling} 17.h4 ) 16.Bxf7+ Qxf7 17.Nxe5 Qh7 18.Qe2 dxe5 19.Qxe5+ Kd8 20.Qf6+ Kd7 21.Rbe1 {because of} 21...Ra6 {when White does not seem to have more than perpetual with} 22.Qe6+ Kd8 23.Qf6+ ) 15.dxe5 {A file is opened.} 15...dxe5 {And this is correct!} ( {As after} 15...Nxe5 16.Bxe5 dxe5 17.Rb5 c5 18.Re1 {Black's situation is delicate, to say the least.} ) 16.Rfe1 {Dubov is already creating a bunch of threats: to attack the e5-pawn with Rb1-b5, remove the black knight with the help of Bc4-d5, or even better, a brutal exchange sacrifice.} 16...Nxg3 {Also a correct trade, but look how exposed now the black king becomes!} ( {The exchange sacrifice seals the deal after} 16...Kf8 $2 17.Rxe4 fxe4 18.Qxe4 ) 17.hxg3 e4 18.g4 $1 {Remember, courage and conviction! Strong, strong faith in yourself is needed to enter this position, which is about to collapse at any given moment!} 18...Nc5 {Vidit does not seem to tremble. This knight is his most valuable asset as we shall see.} ( {The other square for the knight was not good} 18...Ne5 19.Nxe5 Qxe5 20.Rb5 c5 21.gxf5 Bxf5 22.Rd1 {and White wins.} ) 19.Nd4 ( {Not letting the bishop improve:} 19.gxf5 Bxf5 20.Nd4 Bg6 ) 19...Rf8 $1 {Overprotecting the f5-pawn. Once more, an only move.} ( {After} 19...fxg4 {Dubov can remove the defender with} 20.Nb3 $1 {when a nice line that demonstrates how quickly Black's defense may crumble is} 20...Bf5 21.Nxc5 Qxc5 22.Rxe4+ Kf8 23.Rb5 Bxe4 24.Qxe4 {and Black is helpless with his dull rookies.} ) 20.gxf5 $1 {Once more, depriving Black of extra possibilities.} ( {After} 20.Bb5+ {the black king can run to the hills with} 20...Kf7 21.gxf5 Kf6 ) 20...Bxf5 {Everything seems protected, Black is ready to castle and his knight does the best of the jobs.} 21.Rxb7 $3 {Not so fast with castling, and yeah, this knight needs to go away from the center.} ( {Nothing yields} 21.Bb5+ c6 22.Nxc6 bxc6 23.Bxc6+ Kf7 ) 21...Rf6 $3 {Not so fast removing this knight!} ( {And indeed} 21...Nxb7 {loses after} 22.Bb5+ Kf7 23.Nxf5 {when all the queen retreats lead Black to trouble, e.g} 23...Qf6 ( {Or} 23...Qe6 24.Nd4 Qg6 25.Bc6 ) ( {Or finally} 23...Qe5 24.Nxh6+ ) 24.Qxe4 ) 22.Qb1 $5 {Dubov is strictly following his plan and wants to have his queen inside the enemy camp. In the process he sets up a nasty trap.} ( {Black is stabilizing his position in case of} 22.Bb5+ Kf8 23.Nc6 Qd6 ) ( {However} 22.Nxf5 $5 {seemed playable as well. Then, after} 22...Rxf5 23.Rb5 ( 23.Qb1 $5 ) 23...c6 $1 {The further trades might lead to an approximately even endgame} 24.Rxe4 Qxe4 25.Qxe4+ Nxe4 26.Rxf5 O-O-O ( {Or} 26...Kd7 ) ) 22...Nxb7 23.Qxb7 ( {For the moment rejecting the possible draw after} 23.Nxf5 Rxf5 24.Rxe4 Re5 25.Qxb7 Rxe4 26.Qxa8+ Kd7 27.Qd5+ Ke8 28.Qa8+ $11 ) 23...Rd8 24.Nxf5 Rxf5 25.Rxe4 Rd1+ $1 {Vidit spots the trap for just a bit more than a minute!} ( {The instant} 25...Re5 $2 {would have lost due to} 26.Qc6+ Rd7 27.Qg6+ Kd8 28.Qg8+ Qe8 29.Rxe5 $1 ) 26.Kh2 Re5 {Now he can. White has a bunch of checks and starts announcing them in the mutual time-deficit.} 27.Qc6+ Kd8 28.Qa8+ ( {A nice detail that once more proves why a good move works in multiple lines is} 28.Bb5 Qd6 {Now White wants to checkmate with} 29.Qe8+ {But is checked after} ( {Still, a draw is possible after} 29.Qa8+ Ke7 30.Qe8+ Kf6 31.Qh8+ ) 29...Rxe8+ $1 ) 28...Kd7 29.Bb5+ Ke6 ( {The endgame after} 29...Rxb5 30.Rxe7+ Kxe7 31.Qc6 {is more pleasant for White.} ) 30.Qc8+ Kf6 31.Qh8+ Kf5 {And just when Dubov was forced to give a perpetual, he suddenly hesitates...} 32.f3 {...and loses the game!} ( {Instead} 32.Qc8+ $3 {would have split the point as} 32...Kg6 {is more or less forced.} ( {The greedy} 32...Kxe4 $4 {leads to mate after} 33.Qg4+ Kd5 34.Qc4+ Kd6 35.Qc6# ) 33.Qg8+ Kf5 {with repetition.} ) 32...Rxe4 33.fxe4+ Kxe4 34.Qa8+ Ke3 {Ironically, the almost mated black king is leading Vidit's army towards the win!} 35.Bc6 Qe5+ 36.g3 g4 37.Qa7+ Kd2 0-1

[Event "Tata Steel Chess Masters 2022"]
[Site "Wijk aan Zee"]
[Date "2022.01.22"]
[Round "7"]
[White "Duda, Jan Krzysztof"]
[Black "Caruana, Fabiano"]
[Result "0-1"]
[WhiteElo "2760"]
[BlackElo "2792"]
[EventDate "2022.??.??"]
[Annotator "Bojkov,Dejan"]
[PlyCount "106"]
[Beauty "6808596934178"]
[EventType "team-tourn"]
[EventCountry "NED"]

1.d4 Nf6 2.Nf3 d5 3.Bf4 {An unexpected opening choice by Duda, at least for his opponent.} 3...g6 4.e3 Bg7 5.Be2 O-O 6.Nbd2 c5 7.c3 b6 {\"I knew this line is playable. Black accepts a slightly worse position.\" (Caruana)} ( {Black can also play for an equality with} 7...Nc6 8.h3 Nd7 9.O-O e5 10.dxe5 Ndxe5 11.Nxe5 Bxe5 12.Bxe5 Nxe5 13.Nf3 Nxf3+ 14.Bxf3 Be6 {Kamsky,G (2662) -Andreikin,D (2728) Chess.com 2021} ) 8.Ne5 Nfd7 9.h4 {A very straightforward and logical attempt, but Black was not too worried about it.} ( 9.Ndf3 $5 {\"and then try to prepare h2-h4 more slowly\" (Caruana)} ) 9...Nxe5 $146 ( {In an earlier gamew Black did not defend as effectively after} 9...f6 10.Nxd7 Qxd7 11.e4 Bb7 12.h5 Rd8 13.hxg6 hxg6 14.Qb3 e6 15.e5 {Parramon Ros,F (2067)-Medina Masdeu,R (1923) Girona 2012} ) 10.Bxe5 Nc6 11.Bxg7 Kxg7 12.h5 Qd6 {\"After this I did not think I was any worse. He is only attacking with a pawn, the rest of his pieces are not attacking.\" (Caruana)} 13.Qa4 cxd4 14.exd4 Bf5 15.Nf1 g5 $1 {An important move that seals the kingside, in the spirit of the Sicilian Dragon.} 16.Ne3 Bd7 17.h6+ {Otherwise Black will place his pawn on this square.} ( 17.O-O-O h6 $1 ) 17...Kh8 18.Qb3 ( 18.O-O-O {was what Black expected with a typical double-edged game. Both sides will try and organize attacks against the opponent's kings and this was apparently the type of play that Black was aiming for.} ) 18...e6 19.Rd1 {A couple of strange moves, according to Caruana and now the white king remains in the center till the rest of the game.} 19...Rac8 20.Qc2 {Duda does not yet execute his idea.} ( {The immediate} 20.c4 {was already possible due to the little tactic} 20...Na5 ( {Black can as well react as in the game with} 20...Ne7 $5 ) 21.c5 bxc5 22.Qa3 Nc6 23.dxc5 {But it is not clear what did White achieve after say} 23...Qf4 ) 20...f5 $1 21.c4 Ne7 22.Qc3 Ng6 ( 22...Ng8 $5 ) 23.b3 Qe7 $1 {A nice maneuver! Black is occupying both long diagonals with his bishop and queen and gets ready for the opening of the center. That would certainly be most painful for the white king.} 24.g3 Bc6 25.Rh5 Qf6 26.Rd2 ( {Perhaps} 26.Qb4 {and then c4-c5 to somewhat close the position was objectively better, but that would have been an acknowledgement of a conceptual failure.} ) 26...Ne7 27.Nc2 f4 $1 {It is time to open up some files against the white king.} 28.gxf4 gxf4 29.Kd1 Be8 {The same policy of a gradual improvement before any forcing moves. Indeed, the white king is permanently weak, and there is no need to rush.} ( {Here} 29...Nf5 $1 {improving the knight looked even stronger, with ideas like} 30.Kc1 dxc4 31.bxc4 Nd6 32.f3 Bd5 $1 {and Black should be able to break through.} ) 30.Rh3 Bg6 31.Ne1 Bf5 ( 31...Nf5 $1 {bringing the knight to the optimal d6-square looked again as the way to make it, but Caruana has another plan for that piece.} ) 32.Rh1 dxc4 33.bxc4 b5 34.c5 Nd5 {This also looks great and Duda is completely outplayed, but the time-trouble is about to take its toll.} 35.Qb2 b4 36.Bd3 a5 {Solid, obvious and wise in time-trouble.} ( {However, the opening of another file would have been even stronger:} 36...e5 $1 {when the line} 37.Bxf5 ( 37.dxe5 Nc3+ 38.Qxc3 bxc3 39.exf6 cxd2 {wins material for Black.} ) 37...Qxf5 38.dxe5 Nc3+ {would have more or less finished the job as the white king cannot find peace.} ) 37.Kc1 $1 {Duda exploits the slightest hesitation.} 37...Nc3 ( 37...e5 38.dxe5 Rxc5+ 39.Rc2 {is not convincing any more.} ) 38.Nf3 Rfd8 ( {Apparently, Caruana did not have the time to evaluate the consequences of the tactical lines} 38...Ne4 39.Rc2 ( 39.Re2 Nxc5 ) 39...Nxf2 40.Rxf2 Bxd3 41.Ne5 {when White seems to have enough for the pawn.} ) 39.Qc2 Bxd3 40.Rxd3 Rd5 {The time-trouble is over, and it is evident that White made a lot of a progress. Duda's next move though turned out to be a mistake.} 41.Ne5 {\"I was kind of happy to see this.\" (Caruana)} ( {\"I was worried about\"} 41.Re1 {\"and then he sacrifices the exchange on c3 at some point and then we get a very messy position that goes on and on.\" (Caruana)} ) ( {The immediate exchange sacrifice} 41.Rxc3 {also made a lot of sense with very unclear play after} 41...bxc3 42.Qe4 {The knight getting on e5 would not be weaker than any of the black rooks.} ) 41...Nb5 $1 {\"After this it was a very straightforward calculation.\" (Caruana)} 42.Rhd1 {And this might be the last mistake.} ( {The threat of a capture on d4 was not as mortal as it looked and} 42.Qb2 $3 {might have still saved Duda thanks to the little tactical detail in the line} 42...Nxd4 43.Rxd4 Rcxc5+ 44.Kb1 Qxe5 45.Rxf4 $1 {and thanks to the back-rank mating threats White should be able to hold} 45...Qxb2+ 46.Kxb2 Rd2+ ) 42...Nxd4 $1 {Now it worked even better than in the line above.} 43.Rxd4 Rcxc5 44.Rxd5 Rxc2+ 45.Kxc2 exd5 46.Rxd5 Kg8 $1 {The king runs into safety and Black converts his material advantage.} 47.Rxa5 Qf5+ 48.Kb3 Qb1+ 49.Kc4 Qe4+ 50.Kb3 f3 $1 51.Nc4 Qb1+ 52.Ka4 Qxa2+ 53.Kb5 b3 0-1

[Event "E Chess Grand Prix 1 2022 | Knockout"]
[Site "Chess.com"]
[Date "2022.02.12"]
[Round "1"]
[White "Aronian, Levon"]
[Black "Dominguez Perez, Leinier"]
[Result "1-0"]
[WhiteElo "2772"]
[BlackElo "2752"]
[EventDate "2022.??.??"]
[Annotator "Bojkov,Dejan"]
[PlyCount "81"]
[Beauty "7633251606598"]
[EventType "team-tourn"]
[EventCountry "FID"]

1.d4 d5 2.c4 dxc4 3.e4 b5 {One can only admire Dominguez's spirit $1 After an extremely tense and tiring tiebreaker, he is not afraid to enter one of the most complex and sharp lines in the Queen’s Gambit Accepted.} 4.a4 c6 5.axb5 cxb5 6.Nc3 Qb6 {This is now more promising than 6... Bd7, at least according to Megabase.} 7.Nd5 {The most aggressive move. It should be noted that not only did the white pieces rapidly create threats while developing but they were moved at a very rapid speed by their commander too.} ( {Another highly creative player had chosen instead:} 7.Be2 e6 8.Nh3 Bb7 9.O-O Nf6 10.e5 Nd5 11.Nxd5 Bxd5 12.Nf4 Nc6 13.Be3 Rd8 14.b3 {and the sharp battle eventually ended in a draw in Duda,J (2760) -Karjakin,S (2743) Wijk aan Zee 2022} ) 7...Qb7 8.Bf4 e5 {A key resource to bring the idle pieces out.} 9.Bxe5 Nd7 10.Bf4 Ngf6 {Black needs to sacrifice the exchange but at least is gaining the initiative back.} 11.Nc7+ Kd8 12.Nxa8 Qxe4+ {Another important, subtle move that destroys White's coordination.} 13.Ne2 Qxa8 14.f3 {Aronian intends to castle by hand.} ( {Previously, White had tried to develop with} 14.Nc3 {but did not get much after} 14...Bb4 $146 ( {The predecessor was:} 14...a6 15.f3 Nd5 16.Bg5+ f6 17.Bd2 Nxc3 18.bxc3 Bd6 19.Kf2 h5 20.Qc2 Qa7 {1/2-1/2 (36) Skonieczna,B (2361)-Karasova,E (2315) ICCF email 2011} ) 15.f3 Re8+ 16.Be2 a5 17.O-O Qc6 18.Re1 Bxc3 19.bxc3 Nd5 20.Qd2 b4 {Fodor,B (2120)-Dev,S (2243) Budapest 2021} ) 14...Nd5 ( {The other knight would not stand so well in the center.} 14...Nb6 15.Kf2 Nbd5 $6 16.Bd2 $1 {as Black has problems with the king.} ) 15.Bg5+ $146 {And the former Armenian and now American defends once again his reputation as an extremely well-prepared player by banging out a novelty.} ( {The predecessor saw:} 15.Bd2 Bd6 16.Nc3 b4 17.Ne4 Re8 18.Be2 Bb8 19.O-O N7b6 20.Ra5 h6 {Nechaeva,M (2372)-Dev,S (2248) Chess.com INT 2022} ) 15...f6 {An obvious reply, but it cost Black a precious [almost] half-an-hour on the clock.} ( {In the future, the ugly self-pin} 15...N7f6 $5 {might be tested.} ) ( {As well as something wild like} 15...Be7 16.Bxe7+ Kxe7 17.Nc3 Re8 18.Kf2 Kf8 19.Nxb5 Qc6 20.Nc3 Nc5 $3 ) 16.Bd2 Bd6 17.Ng3 {This is the first moment in which White slightly slowed down and took some time on the clock. b2-b3 is a threat, and therefore Black's next is best.} ( {The other way to accomplish his plan was} 17.Kf2 {when} 17...Qb8 {is not good due to} ( {Therefore Black likely would have answered with} 17...Qc6 $1 ) 18.b3 ) 17...Qb8 18.Kf2 {White's plan is obvious: accomplish the development of pieces and castle by hand. After some more thought, Dominguez went for} 18...Re8 ( {Here it appears that the maneuver} 18...Bc7 $1 {intending Bc7-b6 is strong, when} 19.Ba5 {can be met with} ( {And if} 19.Be2 {then Black would have an extra choice in comparison to the game in the line} 19...Bb6 20.Ba5 Qf4 $5 21.Bxb6+ N7xb6 22.Rxa7 Re8 $1 {with a strong initiative for the exchange.} ) 19...Bxa5 20.Rxa5 Qb6 21.Ra1 Ne5 $1 {and another nice maneuver will be completed with Ne5-c6 $1} ) 19.Be2 Bc7 $1 {The same maneuver is still excellent; however, Aronian managed to escape the danger zone.} 20.Re1 Bb6 21.Kg1 Ne5 {And this maneuver is still there; Black is heading for the d4-pawn. But… this is the moment in which the computer goes bananas, and it falls in love with White's position.} ( {Something solid like} 21...Qc7 22.Kh1 Bb7 23.Bf1 {seemed normal.} ) ( {It is clear why Black is reluctant to open the d-file at once.} 21...Bxd4+ $6 22.Kh1 Bb6 23.Qc2 {The black king is about to catch a cold along the d-file.} ) 22.Kh1 $1 {This was part of his plan anyway.} 22...Nc6 23.b3 $3 {Aronian knows that the opening of the files can only serve him well.} 23...c3 {The only reasonable move.} ( {Or} 23...cxb3 24.Qxb3 {which is simply horrible for Black.} ) 24.Bxb5 $1 Bd7 {It seems as if the c3-passer is too big to fall.} ( {After} 24...Rxe1+ 25.Bxe1 Nxd4 {White has} 26.Bc4 c2 27.Qd2 Qd6 28.Ne4 {followed by Be1-f2 $1, eventually reaching the c2-pawn.} ) 25.Rxe8+ Bxe8 26.Be1 {And White starts to play around the passer.} ( {A pity $1 The forcing lines after} 26.Bxc6 $1 Bxc6 27.Bxc3 $3 {would have won the game on the spot. The lines are super-complicated, but the machine confirms that Black cannot hold on to the extra pieces, say} 27...Nxc3 28.Qc2 Bxd4 29.Qd3 Qe5 ( {Or:} 29...Nb5 30.Ne2 Qd6 31.Nxd4 Qxd4 32.Qxd4+ Nxd4 33.Rd1 ) 30.Nf5 {And most lolvely followup is} 30...Ne2 31.Rd1 Bb5 32.Nxd4 $3 Bxd3 33.Nc6+ {A nice geometrical combination $1} ) 26...Nxd4 27.Bxe8 {Most likely Aronian simply believed that this is the easiest route to victory.} ( {However, stronger seemed to get rid of both black knights at once with} 27.Bc4 $3 Qe5 28.Bxd5 c2 29.Qd2 Qxd5 30.Bf2 Bc6 ( 30...Bg6 $2 31.Ne2 ) 31.Bxd4 Qxd4 32.Qxd4+ Bxd4 33.Rc1 {when White should convert his material advantage.} ) 27...c2 $1 {The only move $1} ( {White certainly liked the prospect of} 27...Kxe8 28.Bxc3 $1 Nxc3 29.Qe1+ Nce2 {And now the fine finishing touch} 30.Ra2 $1 ( {Rather than} 30.Nxe2 Nc2 $1 ) ) 28.Qd3 Kxe8 29.Bd2 ( {It was not too late to convert with} 29.Ne2 $1 Qe5 30.Nxd4 Bxd4 31.Rc1 {when, despite the scary passer, White is somehow always in time.} 31...Bb2 ( {Or} 31...Ne3 32.Bg3 Qc5 33.Bf2 ) 32.Bg3 Nb4 33.Bxe5 Nxd3 34.Bxb2 {and White wins.} ) 29...Qe5 30.Rc1 ( {Not:} 30.Re1 $4 Qxe1+ 31.Bxe1 c1=Q ) 30...f5 $1 {Dominguez finds the only idea to stay in the game.} 31.Qc4 Ne3 {But the time trouble finally takes its toll.} ( {The knight entry should have been prepared with the preliminary} 31...f4 32.Ne4 ( {Or} 32.Qc8+ Kf7 33.Ne4 h6 ) 32...Ne3 {Then} 33.Qc8+ Ke7 34.Bb4+ Kf7 35.Qf8+ Kg6 36.Bd6 Qf5 37.Qe8+ Qf7 38.Qxf7+ Kxf7 39.Bxf4 Nd5 40.Bd2 Bd8 {Leads to a very peculiar endgame where White cannot find a proper way to swap the knight on d4. Therefore, nothing would have been clear yet $1} ) 32.Qc8+ {Now Aronian wins by force} 32...Kf7 33.Qd7+ Kg6 ( 33...Kf6 {loses even faster after} 34.f4 $1 ) 34.f4 $1 {Nevertheless, the queens are traded.} 34...Qe6 ( {Since} 34...Qxf4 35.Qe8+ {drops the knight.} ) 35.Qxe6+ Nxe6 36.Ne2 $1 {Precision $1 The c2-pawn is not going anywhere, so why give Black another pawn in return $2} ( {would have won as well.} 36.Bxe3 Bxe3 37.Rxc2 ) 36...Ng4 37.g3 Nc5 38.b4 Nd3 39.Rxc2 Ngf2+ 40.Kg2 Ne4 41.Nc1 {The new-American is delivering $1} 1-0